| Tag |
First Indicator |
Second Indicator |
Subfields |
| LEADER |
00000cam a2200000Ia 4500 |
| 001 |
in00002007255 |
| 005 |
20220105141922.0 |
| 006 |
m d |
| 007 |
cr cnu---unuuu |
| 008 |
040727s2004 cau sb s001 0 eng d |
| 020 |
|
|
|a 141752541X (electronic bk.)
|
| 035 |
|
|
|a (OCoLC)ocm56030067
|
| 040 |
|
|
|a N$T
|c N$T
|d UtOrBLW
|
| 043 |
|
|
|a n-us---
|
| 049 |
|
|
|a IKMN
|
| 050 |
1 |
4 |
|a BP173.4
|b .R68 2004eb
|
| 082 |
0 |
4 |
|a 305.48/697073
|2 22
|
| 100 |
1 |
|
|a Rouse, Carolyn Moxley,
|d 1965-
|0 http://id.loc.gov/authorities/names/n2003095960
|
| 245 |
1 |
0 |
|a Engaged surrender :
|b African American women and Islam /
|c Carolyn Moxley Rouse.
|
| 264 |
|
1 |
|a Berkeley :
|b University of California Press,
|c [2004]
|
| 264 |
|
4 |
|c ©2004
|
| 300 |
|
|
|a xvii, 271 pages ;
|c 24 cm.
|
| 336 |
|
|
|a text
|b txt
|2 rdacontent
|
| 337 |
|
|
|a computer
|b c
|2 rdamedia
|
| 338 |
|
|
|a online resource
|b cr
|2 rdacarrier
|
| 500 |
|
|
|a "George Gund Foundation imprint in African American studies."
|
| 504 |
|
|
|a Includes bibliographical references (pages 247-255) and index.
|
| 505 |
0 |
|
|a Engaged surrender -- A community of women : consensus, borders, and resistance praxis -- Gender negotiations and Qur'anic exegesis : one community's reading of Islam and women -- Historical discourses -- Soul food : changing markers of identity through the transition -- Conversion -- Performing gender : marriage, family, and community -- Searching for Islamic purity in and out of secular Los Angeles County.
|
| 533 |
|
|
|a Electronic reproduction.
|b Boulder, Colo. :
|c NetLibrary,
|d 2004.
|n Available via World Wide Web.
|n Access may be limited to NetLibrary affiliated libraries.
|
| 500 |
|
|
|a Electronic resource.
|
| 650 |
|
0 |
|a Women in Islam.
|0 http://id.loc.gov/authorities/subjects/sh85147581
|
| 650 |
|
0 |
|a Muslim women
|x Social conditions.
|0 http://id.loc.gov/authorities/subjects/sh2008108149
|
| 650 |
|
0 |
|a Muslim women
|z United States
|x Social conditions.
|
| 650 |
|
0 |
|a African American women
|x Religion.
|
| 655 |
|
7 |
|a Electronic books.
|2 local
|
| 710 |
2 |
|
|a NetLibrary, Inc.
|0 http://id.loc.gov/authorities/names/no99080690
|
| 776 |
1 |
|
|c Original
|z 0520237943
|z 0520237951
|w (DLC) 2003002462
|w (OCoLC)51752260
|
| 856 |
4 |
1 |
|u https://proxy.library.tamu.edu/login?url=http://www.netLibrary.com/urlapi.asp?action=summary&v=1&bookid=108543
|z Connect to the full text of this electronic book
|t 0
|
| 994 |
|
|
|a 92
|b IKM
|
| 999 |
|
|
|a MARS
|
| 999 |
f |
f |
|s de48a9ef-de19-3c37-aec5-73f780e0a1ca
|i 06acbab4-3bb2-3bb7-b067-4b5610877ddc
|t 0
|
| 952 |
f |
f |
|a Texas A&M University
|b College Station
|c Electronic Resources
|d Available Online
|t 0
|e BP173.4 .R68 2004eb
|h Library of Congress classification
|
| 998 |
f |
f |
|a BP173.4 .R68 2004eb
|t 0
|l Available Online
|